000 00713nam a2200241Ia 4500
003 GCL
008 140319s9999 xx 000 0 ara d
020 _a6117279977
040 _aGCL /
_cGCL
082 0 4 _a800
_bم ا
100 1 _aمحمد مندور
245 1 0 _aالادب وفنونه /
_cمحمد مندور
260 _aالقاهرة :
_bنهضة مصر للطباعة والنشر والتوزيع
300 _a194 ص ؛
_c24سم
490 _a
650 0 4 _aالشعر العربى
650 0 4 _aالادب العربى
650 0 4 _aالنثر العربى
650 0 4 _aالمسرحية
650 0 4 _aالمقالة العربية
650 0 4 _aتاريخ ونقد
942 _2ddc
_cBK
999 _c31239
_d31239